New directions in the Soviet economy : Economic policy
Uloženo v:
| Korporativní autor: | |
|---|---|
| Médium: | Kniha |
| Jazyk: | Undetermined |
| Vydáno: |
Washington
U.S. Govt. Print. Off.
1966
|
| Témata: | |
| Tagy: |
Přidat tag
Žádné tagy, Buďte první, kdo otaguje tento záznam!
|
| Thư viện lưu trữ: | Trung tâm Học liệu Trường Đại học Cần Thơ |
|---|
| LEADER | 00532nam a2200193Ia 4500 | ||
|---|---|---|---|
| 001 | CTU_83505 | ||
| 008 | 210402s9999 xx 000 0 und d | ||
| 082 | |a 330.947 | ||
| 082 | |b U58/P1 | ||
| 110 | |a United States | ||
| 245 | 0 | |a New directions in the Soviet economy : | |
| 245 | 0 | |b Economic policy | |
| 245 | 0 | |c United States | |
| 260 | |a Washington | ||
| 260 | |b U.S. Govt. Print. Off. | ||
| 260 | |c 1966 | ||
| 650 | |a Economic conditions | ||
| 904 | |i QHieu(sửa) | ||
| 980 | |a Trung tâm Học liệu Trường Đại học Cần Thơ | ||